[Event "CHI-ch+"]
[Site "Vina del Mar"]
[Date "1997.??.??"]
[Round "1"]
[White "Salazar Jacob, Hernan"]
[Black "Rioseco Pinochet, Fernando Luis"]
[Result "1-0"]
[WhiteElo "2365"]
[BlackElo "2226"]
[PlyCount "51"]
[EventDate "1997.03.17"]
[EventType "tourn"]
[EventRounds "4"]
[EventCountry "CHI"]
[SourceTitle "CBM 058 Extra"]
[Source "ChessBase"]
[SourceDate "1997.07.29"]
[SourceVersion "1"]
[SourceVersionDate "1997.07.29"]
[SourceQuality "1"]

1. e4 c6 2. d4 g6 3. Nf3 d5 4. exd5 cxd5 5. c4 Nf6 6. Nc3 Bg7 7. Qb3 0-0 8. cxd5 Nbd7 9. Be2 Nb6 10. 0-0 Nfxd5 11. Re1 Nxc3 12. bxc3 Be6 13. Qb4 Rc8 14. Bd2 Bd5 15. a4 e6 16. a5 Nc4 17. Bf4 Re8 18. Nd2 Bf8 19. Qa4 Qf6 20. Bxc4 Bc6 21. Be5 Qg5 22. Ne4 Bxa4 23. Nxg5 Rxc4 24. Ne4 Be7 25. Nd2 Rec8 26. Reb1 1-0

[Event "Olympiad-31"]
[Site "Moscow"]
[Date "1994.12.08"]
[Round "7.3"]
[White "Vera Gonzalez Quevedo, Reynaldo"]
[Black "Salazar Jacob, Hernan"]
[Result "1/2-1/2"]
[WhiteElo "2485"]
[BlackElo "2370"]
[PlyCount "81"]
[EventDate "1994.12.01"]
[EventType "team-swiss"]
[EventRounds "14"]
[EventCountry "RUS"]
[SourceTitle "CBM 045"]
[Source "ChessBase"]
[SourceDate "1995.04.01"]
[SourceVersion "1"]
[SourceVersionDate "1995.04.01"]
[SourceQuality "1"]
[WhiteTeam "Cuba"]
[BlackTeam "Chile"]
[WhiteTeamCountry "CUB"]
[BlackTeamCountry "CHI"]

1. d4 d5 2. c4 e6 3. Nc3 c5 4. cxd5 exd5 5. Nf3 Nc6 6. g3 Nf6 7. Bg2 Be7 8. 0-0 0-0 9. Bg5 cxd4 10. Nxd4 h6 11. Be3 Re8 12. Rc1 Bf8 13. Nxc6 bxc6 14. Na4 Bd7 15. Bc5 Bxc5 16. Nxc5 Bg4 17. Re1 Qa5 18. h3 Bf5 19. Qd4 Rab8 20. a3 Qb5 21. b3 a5 22. Kf1 Ne4 23. Bxe4 dxe4 24. g4 Be6 25. Rc3 Bd5 26. Rb1 Qb6 27. b4 axb4 28. Rxb4 Qa7 29. Ne6 Qxd4 30. Nxd4 Rxb4 31. axb4 Rb8 32. Nxc6 Bxc6 33. Rxc6 Rxb4 34. Rc8+ Kh7 35. Re8 Kg6 36. Kg2 h5 37. Kg3 hxg4 38. hxg4 Kf6 39. e3 Ra4 40. Kf4 g5+ 41. Kg3 1/2-1/2

[Event "Las Vegas National op"]
[Site "Las Vegas"]
[Date "1994.??.??"]
[Round "?"]
[White "Hoerstmann, Martin"]
[Black "Salazar Jacob, Hernan"]
[Result "1/2-1/2"]
[WhiteElo "2310"]
[BlackElo "2370"]
[PlyCount "70"]
[EventDate "1994.??.??"]
[EventType "swiss"]
[EventRounds "6"]
[EventCountry "USA"]
[SourceTitle "EXT 1997"]
[Source "ChessBase"]
[SourceDate "1996.11.15"]
[SourceVersion "1"]
[SourceVersionDate "1996.11.15"]
[SourceQuality "1"]

1. d4 d5 2. c4 e6 3. Nc3 c5 4. cxd5 exd5 5. Nf3 Nc6 6. g3 Nf6 7. Bg2 Be7 8. 0-0 0-0 9. dxc5 Bxc5 10. Bg5 d4 11. Bxf6 Qxf6 12. Nd5 Qd8 13. Nd2 Re8 14. Rc1 Bb6 15. Nc4 Bf5 16. Qd2 Be4 17. Ndxb6 axb6 18. Bxe4 Rxe4 19. Qd3 Re6 20. a3 b5 21. Nd2 Qb6 22. Rc2 Rae8 23. Nf3 h6 24. Rd1 Re4 25. b4 Qa6 26. Rdd2 R4e7 27. Rc5 Ra8 28. Nxd4 Nxd4 29. Qxd4 Qxa3 30. Kg2 Qa6 31. Rd5 Rae8 32. Rd8 Qe6 33. Rxe8+ Rxe8 34. Rc2 Qg6 35. Qd3 Qe4+ 1/2-1/2

[Event "Las Vegas National op"]
[Site "Las Vegas"]
[Date "1994.??.??"]
[Round "?"]
[White "Salazar Jacob, Hernan"]
[Black "Marcus, Joost"]
[Result "0-1"]
[WhiteElo "2370"]
[BlackElo "2300"]
[PlyCount "56"]
[EventDate "1994.??.??"]
[EventType "swiss"]
[EventRounds "6"]
[EventCountry "USA"]
[SourceTitle "EXT 1997"]
[Source "ChessBase"]
[SourceDate "1996.11.15"]
[SourceVersion "1"]
[SourceVersionDate "1996.11.15"]
[SourceQuality "1"]

1. e4 e6 2. d4 d5 3. Nd2 Be7 4. c3 Nf6 5. Bd3 c5 6. e5 Nfd7 7. Ne2 b6 8. Nf4 Ba6 9. Bxa6 Nxa6 10. Qg4 g6 11. 0-0 cxd4 12. cxd4 Nb4 13. Nf3 Nc2 14. Rb1 Rc8 15. h4 Nb8 16. h5 Nc6 17. hxg6 hxg6 18. Nxe6 fxe6 19. Qxg6+ Kd7 20. Qxc2 Qe8 21. Bf4 Qh5 22. Bh2 Rcf8 23. Rfc1 Bc5 24. Qa4 Rxf3 25. gxf3 Qxh2+ 26. Kf1 Qf4 27. Ke2 Rh3 28. Rc3 Qxd4 0-1

[Event "Santiago ARAIS tt-A"]
[Site "Santiago de Chile"]
[Date "1993.??.??"]
[Round "7"]
[White "Godoy Bugueno, David A"]
[Black "Salazar Jacob, Hernan"]
[Result "0-1"]
[WhiteElo "2315"]
[BlackElo "2370"]
[PlyCount "88"]
[EventDate "1992.??.??"]
[EventType "swiss"]
[EventRounds "9"]
[EventCountry "CHI"]
[SourceTitle "EXT 1999"]
[Source "ChessBase"]
[SourceDate "1998.11.16"]
[SourceVersion "1"]
[SourceVersionDate "1998.11.16"]
[SourceQuality "1"]

1. e4 c5 2. g3 d5 3. exd5 Qxd5 4. Nf3 Bg4 5. Bg2 Qe6+ 6. Kf1 Nc6 7. h3 Bh5 8. d3 Qd7 9. Na3 e6 10. Nc4 f6 11. g4 Bf7 12. Qe1 Nge7 13. Bd2 Nd5 14. Nh4 Be7 15. f4 b5 16. Na3 Rb8 17. f5 0-0 18. Be4 Bd6 19. Qf2 Be5 20. Rb1 Nd4 21. Rc1 Qd6 22. Kg2 exf5 23. gxf5 Nf4+ 24. Bxf4 Bxf4 25. Rcf1 Bg5 26. c3 Ne2 27. Qxe2 Bxh4 28. Qg4 Bg5 29. h4 Bh6 30. Qg3 Qxg3+ 31. Kxg3 Bxa2 32. Ra1 Bb3 33. Nb1 Rfd8 34. Kf3 Bc2 35. Ke2 c4 36. Rh3 Rd7 37. Na3 Bxd3+ 38. Bxd3 cxd3+ 39. Kf2 Rd5 40. Rf3 Re8 41. Re1 Rxe1 42. Kxe1 Kf7 43. Kd1 g6 44. fxg6+ hxg6 0-1

[Event "Olympiad-30"]
[Site "Manila"]
[Date "1992.06.22"]
[Round "13.2"]
[White "Garma, Chito"]
[Black "Salazar Jacob, Hernan"]
[Result "1-0"]
[WhiteElo "2330"]
[BlackElo "2380"]
[PlyCount "79"]
[EventDate "1992.06.08"]
[EventType "team-swiss"]
[EventRounds "14"]
[EventCountry "PHI"]
[SourceTitle "TD"]
[Source "ChessBase"]
[SourceDate "1994.03.01"]
[SourceVersion "1"]
[SourceVersionDate "1994.03.01"]
[SourceQuality "1"]
[WhiteTeam "Philippines III"]
[BlackTeam "Chile"]
[WhiteTeamCountry "PHI"]
[BlackTeamCountry "CHI"]

1. e4 c5 2. Nf3 e6 3. d4 cxd4 4. Nxd4 Nf6 5. Nc3 d6 6. g4 h6 7. h4 a6 8. g5 hxg5 9. Bxg5 Nc6 10. Qd2 Qb6 11. Nb3 Bd7 12. 0-0-0 0-0-0 13. Be3 Qc7 14. Kb1 Ng4 15. Bf4 Kb8 16. f3 Nge5 17. Qf2 Na7 18. Be3 Nc8 19. Be2 b5 20. a4 bxa4 21. Nd2 Qa5 22. f4 Nc6 23. Nc4 Qb4 24. Na3 Qa5 25. Nc4 Qb4 26. Rh3 Be7 27. Bb6 Nxb6 28. Nxb6 Na7 29. Na2 Qa5 30. b4 axb3 31. Rxb3 Bb5 32. c4 Bxh4 33. Qe3 Nc8 34. Nxc8 Rxc8 35. cxb5 Rc5 36. Rxd6 Rhc8 37. bxa6+ Ka8 38. e5 Qe1+ 39. Rd1 Qf2 40. Bf3+ 1-0

[Event "Olympiad-30"]
[Site "Manila"]
[Date "1992.06.20"]
[Round "11.2"]
[White "Adams, Michael"]
[Black "Salazar Jacob, Hernan"]
[Result "1-0"]
[WhiteElo "2620"]
[BlackElo "2380"]
[PlyCount "75"]
[EventDate "1992.06.08"]
[EventType "team-swiss"]
[EventRounds "14"]
[EventCountry "PHI"]
[SourceTitle "TD"]
[Source "ChessBase"]
[SourceDate "1994.03.01"]
[SourceVersion "1"]
[SourceVersionDate "1994.03.01"]
[SourceQuality "1"]
[WhiteTeam "England"]
[BlackTeam "Chile"]
[WhiteTeamCountry "ENG"]
[BlackTeamCountry "CHI"]

1. e4 c5 2. Nf3 e6 3. d4 cxd4 4. Nxd4 Nf6 5. Nc3 d6 6. g4 h6 7. Rg1 a6 8. h4 Qa5 9. Bg2 Nc6 10. g5 hxg5 11. hxg5 Nd7 12. Be3 Nxd4 13. Qxd4 Rb8 14. 0-0-0 b5 15. Kb1 b4 16. Ne2 e5 17. Qd2 Nc5 18. b3 Qc7 19. f4 a5 20. g6 fxg6 21. fxe5 dxe5 22. Nf4 exf4 23. Bxf4 Qb6 24. Bxb8 Bg4 25. Bg3 Bxd1 26. Rxd1 Be7 27. e5 Rh5 28. Qd5 Ne6 29. Be4 Nf8 30. Qc4 Bc5 31. Rf1 Rf5 32. Bxf5 gxf5 33. Rxf5 Ne6 34. Rf1 Ke7 35. Qh4+ Kd7 36. Rf7+ Kc8 37. Qe4 Kb8 38. Qd5 1-0

[Event "Olympiad-30"]
[Site "Manila"]
[Date "1992.06.18"]
[Round "10.2"]
[White "Salazar Jacob, Hernan"]
[Black "Bellon Lopez, Juan Manuel"]
[Result "1-0"]
[WhiteElo "2380"]
[BlackElo "2435"]
[PlyCount "57"]
[EventDate "1992.06.08"]
[EventType "team-swiss"]
[EventRounds "14"]
[EventCountry "PHI"]
[SourceTitle "TD"]
[Source "ChessBase"]
[SourceDate "1994.03.01"]
[SourceVersion "1"]
[SourceVersionDate "1994.03.01"]
[SourceQuality "1"]
[WhiteTeam "Chile"]
[BlackTeam "Spain"]
[WhiteTeamCountry "CHI"]
[BlackTeamCountry "ESP"]

1. e4 c5 2. Nc3 Nc6 3. Nge2 e5 4. Nd5 b5 5. a4 b4 6. Ng3 Nf6 7. Bc4 Na5 8. Nxf6+ Qxf6 9. Bd5 Bb7 10. Bxb7 Nxb7 11. d3 g6 12. 0-0 h5 13. f4 Nd8 14. Kh1 Bh6 15. fxe5 Qxe5 16. Bxh6 Rxh6 17. Qd2 Rh7 18. c3 Ne6 19. Ne2 a5 20. d4 bxc3 21. bxc3 Qxe4 22. d5 Nc7 23. Nf4 Kd8 24. Rae1 Qc4 25. d6 Na6 26. Nd5 Rb8 27. Qe3 Rh8 28. Qe5 Rg8 29. Ne7 1-0

[Event "Asuncion"]
[Site "Asuncion"]
[Date "1992.??.??"]
[Round "3"]
[White "Milos, Gilberto"]
[Black "Salazar Jacob, Hernan"]
[Result "1-0"]
[WhiteElo "2515"]
[BlackElo "2380"]
[PlyCount "81"]
[EventDate "1992.??.??"]
[EventType "tourn"]
[EventRounds "9"]
[EventCountry "PAR"]
[EventCategory "8"]
[SourceTitle "EXT 1998"]
[Source "ChessBase"]
[SourceDate "1997.11.17"]
[SourceVersion "1"]
[SourceVersionDate "1997.11.17"]
[SourceQuality "1"]

1. e4 c5 2. Nf3 e6 3. d4 cxd4 4. Nxd4 Nf6 5. Nc3 d6 6. Be2 Be7 7. 0-0 0-0 8. f4 a6 9. a4 Qc7 10. Kh1 b6 11. e5 dxe5 12. fxe5 Nfd7 13. Bf3 Bb7 14. Bxb7 Qxb7 15. Bf4 Nc6 16. Qf3 Rac8 17. Rad1 Kh8 18. Bg3 Nc5 19. Nxc6 Qxc6 20. Qxc6 Rxc6 21. b4 Nb7 22. Rd7 Rxc3 23. Rxe7 Nd8 24. Ra7 b5 25. Rxa6 bxa4 26. Rxa4 Rxc2 27. Rb1 Nc6 28. b5 Rb8 29. h3 h5 30. Raa1 Nd4 31. b6 Kh7 32. Ra7 Kg6 33. Rd7 Ne2 34. Bh4 f6 35. exf6 gxf6 36. b7 Nc3 37. Rb6 Kf5 38. Rc6 Rg8 39. Bg3 Rxg3 40. b8Q Rgxg2 41. Rxc3 1-0

[Event "Asuncion"]
[Site "Asuncion"]
[Date "1992.??.??"]
[Round "8"]
[White "Playa, Marcelo"]
[Black "Salazar Jacob, Hernan"]
[Result "1/2-1/2"]
[WhiteElo "2390"]
[BlackElo "2380"]
[PlyCount "71"]
[EventDate "1992.??.??"]
[EventType "tourn"]
[EventRounds "9"]
[EventCountry "PAR"]
[EventCategory "8"]
[SourceTitle "EXT 1998"]
[Source "ChessBase"]
[SourceDate "1997.11.17"]
[SourceVersion "1"]
[SourceVersionDate "1997.11.17"]
[SourceQuality "1"]

1. e4 c5 2. Nf3 e6 3. d4 cxd4 4. Nxd4 Nf6 5. Nc3 d6 6. Be2 a6 7. f4 Qc7 8. 0-0 Be7 9. a4 0-0 10. Kh1 Rd8 11. Be3 b6 12. Qe1 Bb7 13. Bd3 Nbd7 14. Qg3 Nc5 15. e5 Nfe4 16. Nxe4 Nxe4 17. Bxe4 Bxe4 18. f5 exf5 19. e6 Bf8 20. Qf2 Re8 21. Nxf5 fxe6 22. Ng3 Bg6 23. c3 Rab8 24. h4 Bd3 25. Rfd1 Bc4 26. h5 h6 27. Rd4 Re7 28. Rg4 Rf7 29. Qd2 Kh7 30. Qd4 d5 31. Bf4 Bd6 32. Bxd6 Qxd6 33. b3 Bxb3 34. Qd3+ Kg8 35. Rb1 Ba2 36. Ra1 1/2-1/2

[Event "Asuncion"]
[Site "Asuncion"]
[Date "1992.??.??"]
[Round "4"]
[White "Salazar Jacob, Hernan"]
[Black "Morovic Fernandez, Ivan"]
[Result "1/2-1/2"]
[WhiteElo "2380"]
[BlackElo "2565"]
[PlyCount "60"]
[EventDate "1992.??.??"]
[EventType "tourn"]
[EventRounds "9"]
[EventCountry "PAR"]
[EventCategory "8"]
[SourceTitle "EXT 1998"]
[Source "ChessBase"]
[SourceDate "1997.11.17"]
[SourceVersion "1"]
[SourceVersionDate "1997.11.17"]
[SourceQuality "1"]

1. e4 c5 2. Nf3 Nc6 3. d4 cxd4 4. Nxd4 Nf6 5. Nc3 e5 6. Ndb5 d6 7. Bg5 a6 8. Na3 b5 9. Nd5 Be7 10. Bxf6 Bxf6 11. c3 Bg5 12. Nc2 0-0 13. a4 bxa4 14. Rxa4 Bb7 15. Ncb4 Nb8 16. Bc4 a5 17. Nc2 Nd7 18. Ra2 Rc8 19. Qe2 Nb6 20. Nxb6 Qxb6 21. 0-0 Qc5 22. b3 Bc6 23. Rd1 Ba8 24. Qg4 Bh6 25. h4 Kh8 26. Rda1 Qc6 27. Rxa5 Qxe4 28. Qxe4 Bxe4 29. Ne3 Bxe3 30. fxe3 d5 1/2-1/2

[Event "Santiago ARAIS tt-A"]
[Site "Santiago de Chile"]
[Date "1992.??.??"]
[Round "?"]
[White "Salazar Jacob, Hernan"]
[Black "Silva Lillo, Sebastian"]
[Result "1-0"]
[WhiteElo "2380"]
[BlackElo "2355"]
[PlyCount "93"]
[EventDate "1992.??.??"]
[EventType "swiss"]
[EventRounds "9"]
[EventCountry "CHI"]
[SourceTitle "EXT 2002"]
[Source "ChessBase"]
[SourceDate "2001.11.25"]
[SourceVersion "1"]
[SourceVersionDate "2001.11.25"]
[SourceQuality "1"]

1. e4 c5 2. Nf3 Nc6 3. d4 cxd4 4. Nxd4 g6 5. c4 Bg7 6. Be3 Nf6 7. Nc3 0-0 8. Be2 d6 9. 0-0 Bd7 10. Re1 Nxd4 11. Bxd4 Bc6 12. Bd3 e6 13. Qd2 d5 14. cxd5 exd5 15. e5 Nd7 16. f4 Re8 17. Qf2 b6 18. Re2 Rc8 19. b4 f5 20. Rae1 Nf8 21. g4 fxg4 22. f5 gxf5 23. Qxf5 Bd7 24. Qh5 Rc6 25. Rf2 Rh6 26. Qf7+ Kh8 27. Ref1 Ne6 28. Be3 Rh3 29. Nxd5 Rf8 30. Qe7 Qxe7 31. Nxe7 Rxf2 32. Kxf2 Bxe5 33. Be4 Rxh2+ 34. Kg1 Re2 35. Rf7 Ng5 36. Bxg5 Rxe4 37. Bh6 Bd4+ 38. Kg2 Re2+ 39. Kf1 Rf2+ 40. Rxf2 Bxf2 41. Kxf2 a5 42. a3 axb4 43. axb4 Be6 44. Kg3 Bd7 45. Kf4 Be6 46. Ke5 Bd7 47. Kf6 1-0

[Event "Pan American-chT"]
[Site "Guarapuava"]
[Date "1991.10.??"]
[Round "6"]
[White "Hernandez Guerrero, Gilberto Eduardo"]
[Black "Salazar Jacob, Hernan"]
[Result "1-0"]
[WhiteElo "2525"]
[BlackElo "2390"]
[PlyCount "55"]
[EventDate "1991.??.??"]
[EventType "team-tourn"]
[EventRounds "7"]
[EventCountry "BRA"]
[SourceTitle "EXT 2000"]
[Source "ChessBase"]
[SourceDate "1999.11.16"]
[SourceVersion "1"]
[SourceVersionDate "1999.11.16"]
[SourceQuality "1"]

1. e4 c5 2. Nf3 e6 3. d4 cxd4 4. Nxd4 Nf6 5. Nc3 d6 6. Be2 a6 7. 0-0 Be7 8. f4 Qc7 9. a4 0-0 10. Kh1 Rd8 11. Be3 b6 12. Bf3 Bb7 13. e5 Ne8 14. Bxb7 Qxb7 15. Qg4 Nc6 16. Qf3 Rac8 17. f5 dxe5 18. fxe6 Nf6 19. exf7+ Kxf7 20. Nf5 Kg8 21. Bg5 Rc7 22. Nxg7 Kxg7 23. Bxf6+ Bxf6 24. Qxf6+ Kg8 25. Qe6+ Kh8 26. Ne4 Re7 27. Qf6+ Kg8 28. Nd6 1-0

[Event "Mar del Plata PROSUD"]
[Site "Mar del Plata"]
[Date "1991.??.??"]
[Round "7"]
[White "De las Heras, Juan Carlos"]
[Black "Salazar Jacob, Hernan"]
[Result "1-0"]
[WhiteElo "2330"]
[BlackElo "2390"]
[PlyCount "100"]
[EventDate "1991.??.??"]
[EventType "tourn"]
[EventRounds "13"]
[EventCountry "ARG"]
[EventCategory "3"]
[SourceTitle "EXT 1999"]
[Source "ChessBase"]
[SourceDate "1998.11.16"]
[SourceVersion "1"]
[SourceVersionDate "1998.11.16"]
[SourceQuality "1"]

1. d4 e6 2. c4 f5 3. Nf3 d5 4. g3 Nf6 5. Bg2 c6 6. Qc2 Be7 7. 0-0 0-0 8. e3 b6 9. b3 Ba6 10. Rd1 Ne4 11. Ne5 Bf6 12. Nd2 Qe7 13. Ndf3 g5 14. Nd3 Nd7 15. a4 Rfc8 16. Ba3 c5 17. Rac1 g4 18. Nd2 Rc7 19. Nxe4 dxe4 20. Nf4 Bb7 21. Rd2 e5 22. dxe5 Nxe5 23. Bb2 Rd7 24. Rxd7 Qxd7 25. Bxe5 Bxe5 26. Rd1 Qe7 27. Qd2 Bc6 28. h3 gxh3 29. Bxh3 Rf8 30. Qe2 Kh8 31. Qh5 Qf6 32. Nd5 Qe6 33. Kh2 Bg7 34. Rd2 Be5 35. Qh4 Rg8 36. Nf4 Qf7 37. Rd8 Be8 38. Nd5 h5 39. Qe7 Qxe7 40. Nxe7 Bf6 41. Nxg8 Bxd8 42. Nh6 h4 43. Bxf5 Kg7 44. Ng4 Bh5 45. Kh3 hxg3 46. Kxg3 Bc7+ 47. Kh3 Bg6 48. Bxg6 Kxg6 49. Nh2 Be5 50. Nf1 Bc3 1-0

[Event "Buenos Aires Konex"]
[Site "Buenos Aires"]
[Date "1991.??.??"]
[Round "3"]
[White "Salazar Jacob, Hernan"]
[Black "Madina Yadarola, Martin"]
[Result "1-0"]
[WhiteElo "2390"]
[BlackElo "2285"]
[PlyCount "41"]
[EventDate "1991.03.??"]
[EventType "swiss"]
[EventRounds "9"]
[EventCountry "ARG"]
[SourceTitle "EXT 2000"]
[Source "ChessBase"]
[SourceDate "1999.11.16"]
[SourceVersion "1"]
[SourceVersionDate "1999.11.16"]
[SourceQuality "1"]

1. e4 c5 2. Nc3 Nc6 3. Nge2 g6 4. d4 cxd4 5. Nxd4 Bg7 6. Be3 d6 7. Be2 Nf6 8. 0-0 0-0 9. Qd2 Bd7 10. Rad1 Nxd4 11. Bxd4 Bc6 12. Bf3 Nd7 13. Bxg7 Kxg7 14. Nd5 Kg8 15. Qh6 e6 16. Nc3 Ne5 17. Be2 Qb6 18. Qc1 Rfd8 19. Kh1 Be8 20. f4 Nc6 21. f5 1-0

[Event "Buenos Aires Konex"]
[Site "Buenos Aires"]
[Date "1991.??.??"]
[Round "7"]
[White "Salazar Jacob, Hernan"]
[Black "Panno, Oscar"]
[Result "1/2-1/2"]
[WhiteElo "2390"]
[BlackElo "2440"]
[PlyCount "58"]
[EventDate "1991.03.??"]
[EventType "swiss"]
[EventRounds "9"]
[EventCountry "ARG"]
[SourceTitle "EXT 2000"]
[Source "ChessBase"]
[SourceDate "1999.11.16"]
[SourceVersion "1"]
[SourceVersionDate "1999.11.16"]
[SourceQuality "1"]

1. e4 c5 2. Nc3 Nc6 3. Nge2 e6 4. d4 cxd4 5. Nxd4 d6 6. Be3 Nf6 7. Qd2 Be7 8. f3 a6 9. g4 Nd7 10. 0-0-0 0-0 11. h4 Nxd4 12. Bxd4 b5 13. Kb1 Bb7 14. g5 Rc8 15. Bd3 b4 16. Ne2 a5 17. Ng3 Qc7 18. h5 Ne5 19. f4 Nf3 20. Qf2 Nxd4 21. Qxd4 Qc5 22. Qg1 Qxg1 23. Rhxg1 Rc5 24. Ne2 Rd8 25. c3 bxc3 26. Nxc3 Bc6 27. Be2 Bd7 28. Rd4 Rb8 29. Na4 Bxa4 1/2-1/2

[Event "Mar del Plata PROSUD"]
[Site "Mar del Plata"]
[Date "1991.??.??"]
[Round "6"]
[White "Salazar Jacob, Hernan"]
[Black "Vasta, Eduardo"]
[Result "1/2-1/2"]
[WhiteElo "2390"]
[BlackElo "2360"]
[PlyCount "67"]
[EventDate "1991.??.??"]
[EventType "tourn"]
[EventRounds "13"]
[EventCountry "ARG"]
[EventCategory "3"]
[SourceTitle "EXT 1999"]
[Source "ChessBase"]
[SourceDate "1998.11.16"]
[SourceVersion "1"]
[SourceVersionDate "1998.11.16"]
[SourceQuality "1"]

1. e4 e5 2. Nf3 Nc6 3. d4 exd4 4. Nxd4 Bc5 5. Nf5 d6 6. Nxg7+ Kf8 7. Nh5 Qh4 8. Ng3 Nf6 9. Be2 Ne5 10. Qd2 Bxf2+ 11. Kf1 Bxg3 12. Qh6+ Qxh6 13. Bxh6+ Kg8 14. hxg3 Nxe4 15. Bf4 Ng6 16. Bf3 Nxf4 17. Bxe4 Ne6 18. Nc3 c6 19. Kf2 d5 20. Bf3 Nd4 21. Rh4 Nxf3 22. gxf3 Bf5 23. Rc1 Kg7 24. Ne2 Rae8 25. g4 Bg6 26. Ng3 f6 27. f4 Re7 28. f5 Bf7 29. Rch1 h6 30. Rg1 Rhe8 31. Rgh1 Rh8 32. Rg1 Rhe8 33. Rgh1 Rh8 34. Rg1 1/2-1/2

[Event "Asuncion"]
[Site "Asuncion"]
[Date "1991.??.??"]
[Round "1"]
[White "Valiente, Cristobal"]
[Black "Salazar Jacob, Hernan"]
[Result "1/2-1/2"]
[WhiteElo "2370"]
[BlackElo "2390"]
[PlyCount "55"]
[EventDate "1991.??.??"]
[EventType "tourn"]
[EventRounds "9"]
[EventCountry "PAR"]
[EventCategory "4"]
[SourceTitle "EXT 1998"]
[Source "ChessBase"]
[SourceDate "1997.11.17"]
[SourceVersion "1"]
[SourceVersionDate "1997.11.17"]
[SourceQuality "1"]

1. Nf3 d5 2. c4 e6 3. d4 c5 4. e3 Nf6 5. Nc3 Nc6 6. cxd5 exd5 7. Be2 cxd4 8. Nxd4 Bd6 9. 0-0 0-0 10. Nf3 a6 11. b3 Re8 12. Bb2 Bc7 13. Rc1 Qd6 14. g3 Bh3 15. Re1 Rad8 16. a3 Bb6 17. Na4 Ba7 18. Bxf6 Qxf6 19. Nc5 d4 20. Nxd4 Nxd4 21. exd4 Rxd4 22. Bf1 Red8 23. Qe2 Bxc5 24. Rxc5 Be6 25. Rc7 R4d7 26. Rxd7 Rxd7 27. Bh3 Rd6 28. Bxe6 1/2-1/2

[Event "Asuncion"]
[Site "Asuncion"]
[Date "1991.??.??"]
[Round "5"]
[White "Vazquez Igarza, Renier"]
[Black "Salazar Jacob, Hernan"]
[Result "1-0"]
[WhiteElo "2460"]
[BlackElo "2390"]
[PlyCount "71"]
[EventDate "1991.??.??"]
[EventType "tourn"]
[EventRounds "9"]
[EventCountry "PAR"]
[EventCategory "4"]
[SourceTitle "EXT 1998"]
[Source "ChessBase"]
[SourceDate "1997.11.17"]
[SourceVersion "1"]
[SourceVersionDate "1997.11.17"]
[SourceQuality "1"]

1. e4 c5 2. Nf3 e6 3. d4 cxd4 4. Nxd4 Nf6 5. Nc3 d6 6. f4 a6 7. a4 Qc7 8. Be2 Be7 9. g4 Nc6 10. g5 Nd7 11. Be3 Na5 12. 0-0 b6 13. Bg4 Nc6 14. Bxe6 fxe6 15. Nxe6 Qb7 16. Nxg7+ Kf7 17. Nf5 Nc5 18. Qh5+ Kf8 19. Qh6+ Ke8 20. Rfe1 Nb4 21. Nxd6+ Bxd6 22. Qxd6 Qd7 23. Qe5+ Kf7 24. f5 Rg8 25. Qf6+ Ke8 26. Rad1 Qe7 27. Qxb6 Nd7 28. Qh6 Nxc2 29. Nd5 Qe5 30. Qxh7 Rh8 31. Nc7+ Qxc7 32. Qxh8+ Nf8 33. Rc1 Qa5 34. Qh5+ Ke7 35. f6+ Kd8 36. Red1+ 1-0

[Event "Santiago zt"]
[Site "Santiago de Chile"]
[Date "1989.??.??"]
[Round "1"]
[White "Gamarra Caceres, Carlos"]
[Black "Salazar Jacob, Hernan"]
[Result "1/2-1/2"]
[WhiteElo "2280"]
[BlackElo "2345"]
[PlyCount "109"]
[EventDate "1989.??.??"]
[EventType "tourn"]
[EventRounds "9"]
[EventCountry "CHI"]
[EventCategory "6"]
[SourceTitle "EXT 1997"]
[Source "ChessBase"]
[SourceDate "1996.11.15"]
[SourceVersion "1"]
[SourceVersionDate "1996.11.15"]
[SourceQuality "1"]

1. d4 e6 2. c4 f5 3. Nf3 Nf6 4. g3 d5 5. Bg2 c6 6. 0-0 Bd6 7. Bf4 Bxf4 8. gxf4 0-0 9. Qd3 Ne4 10. Nc3 Nd7 11. cxd5 exd5 12. Ne5 Qh4 13. e3 Nxe5 14. fxe5 Nxc3 15. bxc3 f4 16. e4 f3 17. Bxf3 Bh3 18. exd5 Bxf1 19. Rxf1 Qh3 20. Be4 Qxd3 21. Bxd3 cxd5 22. c4 Rf4 23. cxd5 Rg4+ 24. Kh1 Rxd4 25. Bf5 Kf8 26. Be6 b5 27. f4 a5 28. d6 b4 29. f5 a4 30. f6 b3 31. axb3 a3 32. Rg1 g6 33. d7 a2 34. Ra1 Ra5 35. Bh3 Rxe5 36. Rxa2 Kf7 37. Rf2 Re1+ 38. Kg2 h5 39. Kg3 Re3+ 40. Kg2 g5 41. Bf5 Kxf6 42. b4 Re5 43. Bc2+ Ke7 44. Ba4 Rg4+ 45. Kf1 Rf4 46. Rxf4 gxf4 47. Bc6 Re3 48. b5 Rb3 49. Kf2 h4 50. Kg2 h3+ 51. Kf2 Kd8 52. Ke2 Re3+ 53. Kf2 Re6 54. Kf3 Rf6 55. Kf2 1/2-1/2

[Event "Santiago zt"]
[Site "Santiago de Chile"]
[Date "1989.??.??"]
[Round "4"]
[White "Salazar Jacob, Hernan"]
[Black "Vazquez, Rod"]
[Result "1-0"]
[WhiteElo "2345"]
[BlackElo "2300"]
[PlyCount "125"]
[EventDate "1989.??.??"]
[EventType "tourn"]
[EventRounds "9"]
[EventCountry "CHI"]
[EventCategory "6"]
[SourceTitle "EXT 1997"]
[Source "ChessBase"]
[SourceDate "1996.11.15"]
[SourceVersion "1"]
[SourceVersionDate "1996.11.15"]
[SourceQuality "1"]

1. e4 c5 2. Nc3 d6 3. Nge2 Nf6 4. d4 cxd4 5. Nxd4 a6 6. a4 g6 7. Be2 Bg7 8. 0-0 0-0 9. Be3 Nc6 10. f4 Bd7 11. Bf3 Rb8 12. Kh1 Qc7 13. Nb3 Na5 14. e5 dxe5 15. fxe5 Nc4 16. exf6 Nxe3 17. Nd5 Nxd1 18. Nxc7 Nxb2 19. fxg7 Rfc8 20. Nd5 Rxc2 21. Nxe7+ Kxg7 22. a5 Re8 23. Nd5 Ba4 24. Nd4 Rd2 25. Ra2 Re5 26. Nc3 Rxd4 27. Rxb2 Bc6 28. Ne2 Ra4 29. Ng3 f5 30. Kg1 Raxa5 31. Bxc6 bxc6 32. Rc1 Rab5 33. Ra2 Rb6 34. Rca1 c5 35. Rxa6 Rxa6 36. Rxa6 f4 37. Nf1 Re2 38. Ra4 g5 39. Rc4 Kg6 40. Rxc5 g4 41. Rc3 h5 42. Rd3 Kg5 43. Rd5+ Kg6 44. Rd2 f3 45. gxf3 gxf3 46. Rd3 Rg2+ 47. Kh1 Kg5 48. Rxf3 Ra2 49. Kg1 Kg4 50. Rf2 Ra3 51. Rg2+ Kf4 52. Rb2 Kg4 53. Kg2 h4 54. h3+ Kg5 55. Rb5+ Kf4 56. Rb4+ Kg5 57. Rg4+ Kh5 58. Re4 Ra2+ 59. Kf3 Kg5 60. Re5+ Kf6 61. Rh5 Ra4 62. Ne3 Kg6 63. Rc5 1-0